|
|
|
|
| LEADER |
01002nam a2200253 a 4500 |
| 001 |
15896 |
| 003 |
BD-DhAAL |
| 008 |
090802r20051977ag a b 000 0bspa d |
| 999 |
|
|
|c 3163
|d 3163
|
| 010 |
|
|
|a 2009400108
|
| 020 |
|
|
|a 9789876140683
|
| 040 |
|
|
|a AR-BaFGC
|c AR-BaFGC
|d DLC
|d BD-DhAAL
|
| 082 |
0 |
0 |
|a 861.62
|2 22
|
| 100 |
1 |
|
|a Martin, Hardie St.
|9 40434
|
| 245 |
1 |
0 |
|a Pablo Neruda :
|b Memoirs /
|c Hardie St. Martin.
|
| 260 |
|
|
|a Buenos Aires, Argentina;
|a New Delhi :
|b Capital Intelectual;
|b Rupa&co.,
|c c1977 [reprinted 2005].
|
| 300 |
|
|
|a 370 pages :
|b illustrations ;
|c 21 cm.
|
| 504 |
|
|
|a Includes bibliographical references.
|
| 541 |
1 |
|
|e 15896
|
| 600 |
1 |
0 |
|a Neruda, Pablo,
|d 1904-1973.
|9 40435
|
| 650 |
|
0 |
|a Poets, Chilean
|y 20th century
|v Biography.
|9 40436
|
| 852 |
4 |
|
|a Ayesha Abed Library
|j General Stacks
|
| 942 |
0 |
0 |
|0 1
|2 ddc
|c BK
|
| 952 |
|
|
|0 0
|1 0
|2 ddc
|4 0
|6 861_620000000000000_MAR_1977
|7 0
|9 2867
|a BRACUL
|b BRACUL
|c GEN
|d 2009-08-30
|g 530.00
|l 12
|m 67
|o 861.62 MAR
|p 3010015896
|r 2025-03-06
|s 2025-02-24
|t 1
|w 2009-08-30
|y BK
|